|
|
|
|
| LEADER |
00775nam a2200193Ia 4500 |
| 001 |
CTU_87391 |
| 008 |
210402s9999 xx 000 0 und d |
| 020 |
|
|
|c 225000
|
| 082 |
|
|
|a 344.59701
|
| 082 |
|
|
|b H250
|
| 245 |
|
0 |
|a Hệ thống văn bản pháp quy hiện hành về lao động, quyền lợi, nghĩa vụ của cán bộ, công chức và người lao động chế độ tiền lương và bảo hiểm xã hội mới
|
| 245 |
|
0 |
|c Quốc Cường, Kim Anh
|
| 260 |
|
|
|a Hà Nội
|
| 260 |
|
|
|b Tài Chính
|
| 260 |
|
|
|c 2005
|
| 650 |
|
|
|a Labor laws and legislation,Public officers,Labor policy
|
| 650 |
|
|
|z Vietnam
|
| 904 |
|
|
|i Tuyến sua
|
| 980 |
|
|
|a Trung tâm Học liệu Trường Đại học Cần Thơ
|